000 00488pam a2200181 a 4500
020 _a0256103348 (alk. paper)
040 _cDLC
082 0 0 _a658 IRW 1993 A036 Or.
100 1 _aLeenders, Michiel R.
245 1 0 _aPurchasing and materials management /
250 _a10th ed.
260 _aHomewood, IL :
_bIrwin,
_cc1993.
300 _a682 p. :
_bill. ;
_c24 cm.
650 0 _aIndustrial procurement.
650 0 _aMaterials management.
700 1 _aFearon, Harold E.
942 _cEK
999 _c11378
_d11378